000 00658nam a2200241Ia 4500
003 OSt
005 20220926012023.0
006 a|||||r|||| 00| 0
007 ta
008 220923b |||||||| |||| 00| 0 eng d
020 _a0 210 22352 9
037 _cGeneral Book
040 _aRTL
_cRTL
_beng
041 _2eng
_aeng
082 _aQ2, L4
100 _aChennakesavan Sarasvati
_973869
245 0 _aCritical study of hinduism
260 _aNew York
_bAsia Publishing House USA
_c1974
300 _axiv,159p.
_ccm.
650 _aHinduhsm
_9245819
942 _hQ2, L4
_cGB
_2CC
999 _c621562
_d621562